| 000 | 01027nam a2200301 a 4500 | ||
|---|---|---|---|
| 001 | 000013134 | ||
| 003 | DO-SdBPM | ||
| 005 | 20250210110633.0 | ||
| 007 | 000013134 | ||
| 008 | 091120s2000 dr a 000 0 spa d | ||
| 040 |
_aDO-SdBPM _bspa _cBPMSU |
||
| 082 | 4 |
_aRD863.44 _bG861t 2000 _222 |
|
| 092 |
_axxxx _bG861t |
||
| 100 | 1 | _aGrimaldi Silié, Eleonor | |
| 245 | 1 | 0 |
_aTernuras entre el mar y el cielo / _cEleonor Grimaldi Silié ; ilustraciones Julio César Martínez. |
| 260 |
_aSanto Domingo : _bEditora Búho, _c2000. |
||
| 300 |
_a37 p. : _bil. ; _c28 cm. |
||
| 490 | 0 | _aCuentos Infantiles | |
| 500 | _aIncluye datos biográficos de la autora en la contracubierta | ||
| 590 | _aInventariado, 2025/VM | ||
| 650 | 4 | _a Cuentos infantiles dominicanos | |
| 650 | 4 | _aLiteratura infantil dominicana | |
| 650 | 4 | _aLibros ilustrados infantiles | |
| 700 | 1 |
_aLebrón Saviñon, Mariano, _eprólogo |
|
| 700 | 1 |
_aMartínez, Julio César, _eilustraciones |
|
| 910 | _aVMateo V. Control de calidad. BPMSU | ||
| 942 |
_2ddc _cBK |
||
| 999 |
_c7725 _d7725 |
||